Modelle des Kulturwechsels - Eine Sammelmonographie (Record no. 5867)

MARC details
000 -LEADER
fixed length control field 00613nam a22002297i 4500
001 - CONTROL NUMBER
control field 6260
003 - CONTROL NUMBER IDENTIFIER
control field OSt
005 - DATE AND TIME OF LATEST TRANSACTION
control field 20180914133408.0
007 - PHYSICAL DESCRIPTION FIXED FIELD--GENERAL INFORMATION
fixed length control field tu
008 - FIXED-LENGTH DATA ELEMENTS--GENERAL INFORMATION
fixed length control field 161220s2003 gw |||||||||||||||||ger d
024 7# - OTHER STANDARD IDENTIFIER
Standard number or code 6260
Source of number or code RID
024 7# - OTHER STANDARD IDENTIFIER
Standard number or code 6260
Source of number or code RSN (alt)
040 ## - CATALOGING SOURCE
Transcribing agency OSt
041 ## - LANGUAGE CODE
Language code of text/sound track or separate title ger
100 1# - MAIN ENTRY--PERSONAL NAME
Personal name Dobias, Dalibor
245 00 - TITLE STATEMENT
Title Modelle des Kulturwechsels - Eine Sammelmonographie
260 ## - PUBLICATION, DISTRIBUTION, ETC.
Place of publication, distribution, etc. München :
Name of publisher, distributor, etc. forost - Forschungsverbund Ost- und Südosteuropa,
Date of publication, distribution, etc. 2003.
490 ## - SERIES STATEMENT
Series statement forost Arbeitspapiere
Volume/sequential designation 11/Feburar 2003
International Standard Serial Number 1613-0332
700 1# - ADDED ENTRY--PERSONAL NAME
Personal name Huber, Petra
700 1# - ADDED ENTRY--PERSONAL NAME
Personal name Koschmal, Walter
942 ## - ADDED ENTRY ELEMENTS (KOHA)
Koha item type Paper
Holdings
Withdrawn status Lost status Damaged status Not for loan Home library Current library Shelving location Date acquired Inventory number Total Checkouts Barcode Date last seen Price effective from Koha item type
        WIIW WIIW Library 08/04/2004 6260   10001751 01/26/2017 01/26/2017 Paper
The Vienna Instiute for International Economic Studies (wiiw)